| 000 -LEADER |
| fixed length control field |
00972nam a22002417a 4500 |
| 008 - FIXED-LENGTH DATA ELEMENTS--GENERAL INFORMATION |
| fixed length control field |
250524b xxu||||| |||| 00| 0 eng d |
| 040 ## - CATALOGING SOURCE |
| Transcribing agency |
Cagayan State University |
| 082 ## - DEWEY DECIMAL CLASSIFICATION NUMBER |
| Edition number |
791.4372 |
| 245 ## - TITLE STATEMENT |
| Title |
One more shot / directed by James Nunn ; written by ; Jamie Russell James Nunn ; produced by Don Was The Glimmer Twins Jeff Bhasker |
| 260 ## - PUBLICATION, DISTRIBUTION, ETC. (IMPRINT) |
| Place of publication, distribution, etc |
United States |
| Name of publisher, distributor, etc |
Sony pictures Home intertainment |
| Date of publication, distribution, etc |
2024 |
| 300 ## - PHYSICAL DESCRIPTION |
| Extent |
1 videofile, (ca. 103 minutes.) : |
| Other physical details |
sound, color. |
| 520 ## - SUMMARY, ETC. |
| Summary, etc |
Following the attack on the black site in Poland, Navy SEAL Jake Harris is ordered to escort terrorist suspect Amin Mansur to Washington D.C for interrogation.
|
| 546 ## - LANGUAGE NOTE |
| Language note |
English |
| 650 ## - SUBJECT ADDED ENTRY--TOPICAL TERM |
| Topical term or geographic name as entry element |
Action |
| 650 ## - SUBJECT ADDED ENTRY--TOPICAL TERM |
| Topical term or geographic name as entry element |
Thriller |
| 700 ## - ADDED ENTRY--PERSONAL NAME |
| Personal name |
Adkins, Scoth, star. |
| 700 ## - ADDED ENTRY--PERSONAL NAME |
| Personal name |
White, Michael Jai, star. |
| 700 ## - ADDED ENTRY--PERSONAL NAME |
| Personal name |
White, Alexis, star. |
| 700 ## - ADDED ENTRY--PERSONAL NAME |
| Personal name |
Berenger, Tom, star |
| 700 ## - ADDED ENTRY--PERSONAL NAME |
| Personal name |
Berenger, Job, cinematographer. |
| 700 ## - ADDED ENTRY--PERSONAL NAME |
| Personal name |
Jipescu, Liviu |
| 942 ## - ADDED ENTRY ELEMENTS (KOHA) |
| Source of classification or shelving scheme |
|
| Item type |
Audio-Visual Materials |